| 000 | 01062cam a2200301 a 4500 | ||
|---|---|---|---|
| 999 |
_c3840 _d3840 |
||
| 003 | ALUPE UNIVERSITY COLLEGE | ||
| 005 | 20220218074634.0 | ||
| 008 | 850401s1986 enka 001 0 eng c | ||
| 020 | _a0192670050 (pbk.) : | ||
| 040 | _cALUPE UNIVERSITY COLLEGE | ||
| 050 | 1 | 0 |
_aQM33.5 _b.Z83 1986 |
| 060 | _aQS 17 Z94s | ||
| 100 | 1 |
_aZuckerman, Solly Zuckerman, _cBaron, _d1904-1993. |
|
| 245 | 1 | 2 |
_aA system of practical anatomy for dental students : _ba guide and atlas / _cLord Zuckerman, in collaboration with Deryk Darlington, F. Peter Lisowski. |
| 260 |
_aOxford ; _aNew York : _bOxford University Press, _cc1986. |
||
| 300 |
_a1 v. (various pagings) : _bill. ; _c28 cm. |
||
| 440 | 0 | _aOxford medical publications | |
| 500 | _aIncludes index. | ||
| 504 | _aIncludes index | ||
| 650 | 0 | _aHuman dissection. | |
| 650 | 0 | _aHuman anatomy. | |
| 650 | 0 | _aDental students. | |
| 650 | 2 |
_aAnatomy _xatlases. |
|
| 700 | 1 | _aDarlington, Deryk. | |
| 700 | 1 | _aLisowski, F. Peter. | |
| 906 |
_a7 _bcbc _corignew _d1 _eocip _f19 _gy-gencatlg |
||
| 942 |
_2lcc _cBK _nWO |
||